000 00854nam a2200217 i 4500
001 164431
003 ES-MaACL
005 20250827063228.0
008 940301s1860 sp |||| |cspa d
040 _aAS
_bspa
080 _a78
100 1 _aSaldoni, Baltasar,
_d1807-1889
_9132330
245 1 0 _aEfemérides de músicos españoles
_b: así profesores como aficionados /
_cpublicadas por Baltasar Saldoni.
260 _aMadrid :
_b[s.n.],
_c1860 (
_fImprenta de La Esperanza, a cargo de D. Antonio Pérez Dubrull)
300 _a262 p. ;
_c22 cm.
530 _aDisponible en formato digital.
650 0 4 _aMúsicos-
_zEspaña-
_xBiografías-
_vDiccionarios.
_915428
852 _aES-MaACL
_jF-12943
_z-- Enc. hol.
856 _uhttp://bdh-rd.bne.es/viewer.vm?id=0000049052&page=1
_zBiblioteca Digital Hispánica
999 _c164431
_d164431